000 00512nam a22001812 4500
001 0000009439
005 20151217160120.0
008 081028s xx 000 0 eng d
020 _a0333556003 :
_cKES 420
040 _aKABU
_cKABU
100 1 _aVerne, Jules.
_@0000160908
245 1 0 _aJourney to the centre of the earth /
_cJules Verne.
260 _aOxford :
_bMacmillan Education,
_c1991.
300 _a111 p.
908 _a081028
950 _@1
999 _c14484
_d14484